Badly Drawn Flags #1 - Statistics

General Stats
  • This quiz has been taken 60,696 times
  • The average score is 12 of 16
Answer Stats
Picture Answer % Correct
Brazil
98%
South Africa
96%
Mexico
95%
Norway
95%
Albania
94%
North Korea
92%
Malta
82%
Singapore
81%
Angola
77%
Kyrgyzstan
71%
Uzbekistan
68%
St Lucia
67%
Cape Verde
58%
St Vincent and the Grenadines
57%
Namibia
55%
Vanuatu
52%
No matching quizzes found
Score Distribution
Percent of People with Each Score
Percentile by Number Answered
Your Score History
You have not taken this quiz